| 000 | 01895nam a2200241Ia 4500 | ||
|---|---|---|---|
| 008 | 260220t1998||||xx |||||||||||||| ||spa|| | ||
| 040 |
_aPY-SlUNAC _bspa _erda |
||
| 041 | _aspa | ||
| 082 |
_a616.96 _bR638a |
||
| 100 |
_aRojas de Arias, Antonieta _eAutor |
||
| 245 | 0 |
_aActividad antiparasitaria de productos naturales en modelos biológicos / _cpor Antonieta Rojas de Arias [Autor] |
|
| 264 |
_aAsunción : _bEditorial EFACIM, _c℗1998. |
||
| 300 | _a1 volumen | ||
| 520 | _aEn "Actividad antiparasitaria de productos naturales en modelos biológicos", Antonieta Rojas de Arias explora el potencial de diversos productos naturales como agentes antiparasitarios, destacando su eficacia en el tratamiento de infecciones parasitarias. A través de una serie de experimentos realizados en modelos biológicos, la autora examina la actividad biológica de extractos de plantas y compuestos naturales, analizando su capacidad para inhibir el crecimiento y la reproducción de parásitos. El libro presenta un enfoque metodológico riguroso, que incluye la selección de modelos adecuados, la dosificación y la evaluación de resultados, lo que permite una comprensión clara de la relación entre los productos naturales y su actividad antiparasitaria. Además, Rojas de Arias discute la importancia de estos hallazgos en el contexto de la medicina tradicional y la búsqueda de alternativas sostenibles a los tratamientos químicos convencionales. Este trabajo contribuye significativamente al campo de la parasitología y la farmacognosia, promoviendo el uso de recursos naturales en la lucha contra enfermedades parasitarias. | ||
| 653 | _aMedicamentos | ||
| 653 | _aParasitología | ||
| 653 | _aPlantas medicinales | ||
| 942 |
_b2026/02/17 _cBK |
||
| 999 |
_c8510 _d8510 |
||